BREEAM consultation (Record no. 110939)

MARC details
000 -LEADER
fixed length control field 01077cad a22002055a 4500
001 - CONTROL NUMBER
control field E150663
008 - FIXED-LENGTH DATA ELEMENTS--GENERAL INFORMATION
fixed length control field 100810s2010 xxkdo f 000 0 eng d
035 ## - SYSTEM CONTROL NUMBER
System control number (Sirsi) u150663
041 0# - LANGUAGE CODE
Language code of text/sound track or separate title eng
110 1# - MAIN ENTRY--CORPORATE NAME
Corporate name or jurisdiction name as entry element UK Green Building Council
9 (RLIN) 5440
245 00 - TITLE STATEMENT
Title BREEAM consultation
Remainder of title the final report from the UK-GBC consultation with members on the future direction of BREEAM
Medium [electronic resource]
260 ## - PUBLICATION, DISTRIBUTION, ETC.
Place of publication, distribution, etc. London
Name of publisher, distributor, etc. UK Green Building Council
Date of publication, distribution, etc. 2010
520 ## - SUMMARY, ETC.
Summary, etc. Presents the results of a consultation on the BRE Environmental Assessment Method (BREEAM). The consultation was aimed at giving a range of industry professionals a chance to comment on: the forthcoming 2011 BREEAM update; the direction of BREEAM beyond 2011; and BREEAM as a driver of change.
521 ## - TARGET AUDIENCE NOTE
Target audience note Advanced
590 ## - LOCAL NOTE (RLIN)
Local note KA NTK
651 #4 - SUBJECT ADDED ENTRY--GEOGRAPHIC NAME
Geographic name England and Wales
Chronological subdivision 1543-
690 ## - LOCAL SUBJECT ADDED ENTRY--TOPICAL TERM (OCLC, RLIN)
Topical term or geographic name as entry element ENVIRONMENTAL AND LAND CONSULTANCY-SUSTAINABILITY-SUSTAINABLE DEVELOPMENT
856 40 - ELECTRONIC LOCATION AND ACCESS
Uniform Resource Identifier <a href="https://www.ukgbc.org/site/resources/show-resource-details?id=822">https://www.ukgbc.org/site/resources/show-resource-details?id=822</a>
Public note View the report free of charge at www.ukgbc.org
942 ## - ADDED ENTRY ELEMENTS (KOHA)
Suppress in OPAC 0
Holdings
Withdrawn status Lost status Source of classification or shelving scheme Damaged status Not for loan Home library Current library Shelving location Date acquired Total Checkouts Full call number Barcode Date last seen Copy number Price effective from Koha item type
    Dewey Decimal Classification     Virtual Virtual Online 10/08/2010   ONLINE PUBLICATION 150663-2001 06/08/2019 1 06/08/2019 Book